Madrigaly a chansony výběr polyfonních děl skladatelů 16. a 17. století /

Hlavní autor: Vanický, Jaroslav, 1922-1966
Jazyk: Čeština
Vydáno: Praha : Státní nakladatelství krásné literatury, 1957
Fyzický popis: 85 s., příl.
Hudebniny Hudebniny
Uloženo v:
LEADER 00887ncm a22002292a 4500
001 001087846
003 CZ BrMZK
005 20110110081933.0
007 qu
008 100223s1957 xr |||||||||||||||||cze d
015 |a cnb001921968 
040 |a BOA001  |b cze 
072 7 |a 784  |x Vokální hudba  |2 Konspekt  |9 9 
100 1 |a Vanický, Jaroslav,  |d 1922-1966  |7 jk01141551  |4 com 
245 1 0 |a Madrigaly a chansony  |h [hudebnina] :  |b výběr polyfonních děl skladatelů 16. a 17. století /  |c sestavil Jaroslav Vanický 
260 |a Praha :  |b Státní nakladatelství krásné literatury,  |c 1957 
300 |a 85 s., příl. 
910 |a BOA001  |b Mus3-0388.225 
990 |a MU 
991 |b 201002 
996 6 |b 2619451788  |c Mus3-0388.225  |l MZK  |r Sklad / do 1 hodiny  |n 0  |w 001236720  |u 000020  |a 1  |e BOA001  |j MZK50  |s P 
996 7 |b 2619451789  |c Mus3-0388.225  |l MZK  |r Sklad / do 1 hodiny  |n 0  |w 001236720  |u 000010  |a 1  |e BOA001  |j MZK50  |s A